| 000 | 00513nam a2200181Ia 4500 | ||
|---|---|---|---|
| 999 |
_c8000 _d8000 |
||
| 003 | OSt | ||
| 005 | 20200129141521.0 | ||
| 008 | 190216s9999||||xx |||||||||||||| ||und|| | ||
| 020 | _a9788125937135 | ||
| 040 | _coclc | ||
| 082 |
_a174.4 _bGOG/H |
||
| 100 |
_aGogate, S B _91585 |
||
| 245 | 0 |
_aHuman Values & Professional Ethics / _cS B Gogate |
|
| 250 | _a1st ed. | ||
| 260 |
_bVikas Publishing House, _c2011. _aNew Delhi: |
||
| 300 | _a326p | ||
| 942 |
_cBK _2ddc _h174.4 _iGOG/H _k174.4 _mGOG/H |
||